Global public interest in international investment law / (Record no. 22008)
[ view plain ]
| 000 -LEADER | |
|---|---|
| fixed length control field | 01858cam a22003375a 4500 |
| 001 - CONTROL NUMBER | |
| control field | 17174702 |
| 005 - DATE AND TIME OF LATEST TRANSACTION | |
| control field | 20160721160532.0 |
| 008 - FIXED-LENGTH DATA ELEMENTS--GENERAL INFORMATION | |
| fixed length control field | 120221s2014 enk frb 001 0 eng d |
| 010 ## - LIBRARY OF CONGRESS CONTROL NUMBER | |
| LC control number | 2012007320 |
| 020 ## - INTERNATIONAL STANDARD BOOK NUMBER | |
| International Standard Book Number | 1107416930 (pbk.) |
| 020 ## - INTERNATIONAL STANDARD BOOK NUMBER | |
| International Standard Book Number | 9781107416932 (pbk.) |
| 040 ## - CATALOGING SOURCE | |
| Original cataloging agency | DLC |
| Transcribing agency | DLC |
| Modifying agency | EG-ScBUE |
| Language of cataloging | eng |
| 042 ## - AUTHENTICATION CODE | |
| Authentication code | pcc |
| 082 00 - DEWEY DECIMAL CLASSIFICATION NUMBER | |
| Classification number | 346.092 |
| Edition number | 22 |
| Item number | KUL |
| 100 1# - MAIN ENTRY--PERSONAL NAME | |
| Personal name | Kulick, Andreas, |
| Dates associated with a name | 1982- |
| 9 (RLIN) | 40405 |
| 245 10 - TITLE STATEMENT | |
| Title | Global public interest in international investment law / |
| Statement of responsibility, etc | Andreas Kulick. |
| 260 ## - PUBLICATION, DISTRIBUTION, ETC. (IMPRINT) | |
| Place of publication, distribution, etc | Cambridge ; |
| -- | New York : |
| Name of publisher, distributor, etc | Cambridge University Press, |
| Date of publication, distribution, etc | 2014. |
| 300 ## - PHYSICAL DESCRIPTION | |
| Extent | xxix, 378 p. ; |
| Dimensions | 24 cm. |
| 490 0# - Series Statement | |
| Series statement | Cambridge studies in international and comparative law |
| 500 ## - GENERAL NOTE | |
| General note | "Dissertation at the Eberhard Karls University, Tübingen "--ECIP title page. |
| 500 ## - GENERAL NOTE | |
| General note | Index : p. 365-378. |
| 504 ## - BIBLIOGRAPHY, ETC. NOTE | |
| Bibliography, etc | Bibliography : p. 346-364. |
| 505 0# - FORMATTED CONTENTS NOTE | |
| Formatted contents note | Introduction -- Part I. Towards the global public interest theory -- The "internationalization" of international investment law -- Public interest and international economic law : current approaches -- The global public interest theory -- How to balance the conflicting interests : proportionality analysis -- Part II. Global public interest in international investment case law -- International investment law and the environment -- Human rights and investment : friends or foes? -- Corruption and other irregularities -- Concluding remarks. |
| 520 ## - SUMMARY, ETC. | |
| Summary, etc | Outlines a general theory of whether and how to include public interest concerns in the realm of international investment law.<br/> |
| 650 #7 - SUBJECT ADDED ENTRY--TOPICAL TERM | |
| Topical term or geographic name as entry element | International commercial arbitration. |
| Source of heading or term | BUEsh |
| 9 (RLIN) | 39464 |
| 650 #7 - SUBJECT ADDED ENTRY--TOPICAL TERM | |
| Topical term or geographic name as entry element | Investments, Foreign |
| Source of heading or term | BUEsh |
| 9 (RLIN) | 40406 |
| General subdivision | Law and legislation. |
| 650 #7 - SUBJECT ADDED ENTRY--TOPICAL TERM | |
| Topical term or geographic name as entry element | Investments, Foreign (International law). |
| Source of heading or term | BUEsh |
| 9 (RLIN) | 40407 |
| 651 ## - SUBJECT ADDED ENTRY--GEOGRAPHIC NAME | |
| Source of heading or term | BUEsh |
| 653 ## - INDEX TERM--UNCONTROLLED | |
| Resource For college | Law |
| Arrived date list | July2016 |
| 942 ## - ADDED ENTRY ELEMENTS (KOHA) | |
| Source of classification or shelving scheme | Dewey Decimal Classification |
| Edition | 22 |
| Call number prefix | 346.092 KUL |
| Withdrawn status | Item status | Source of classification or shelving scheme | Damaged status | Not for loan | Vendor | Home library | Current library | Shelving location | Date acquired | Source of acquisition | Cost, normal purchase price | Serial Enumeration / chronology | Total Checkouts | Total Renewals | Full call number | Barcode | Date last seen | Date last borrowed | Cost, replacement price | Koha item type |
|---|---|---|---|---|---|---|---|---|---|---|---|---|---|---|---|---|---|---|---|---|
| Dewey Decimal Classification | Baccah | Central Library | Central Library | First floor | 21/07/2016 | Purchase | 392.00 | 26080 | 2 | 8 | 346.092 KUL | 000032928 | 15/07/2025 | 09/10/2022 | 490.00 | Book - Borrowing |